000 00569nam a2200157Ia 4500
008 151213s9999 xx 000 0 und d
020 _a984-8298-95-9
100 _aখায়রুল হাসান।
245 _aএকটি মিথ্যার পোষ্টমর্টেম।
_cখায়রুল হাসান।
260 _aঢাকা।
_bঞ্জ্যান বিতরনি।
_c2006
300 _a9284 p.
650 _aBangla
650 _aউপন্যাস
700 _aখায়রুল হাসান।
999 _c4750
_d4750